<?xml version="1.0" encoding="UTF-8"?>
<record
    xmlns:xsi="http://www.w3.org/2001/XMLSchema-instance"
    xsi:schemaLocation="http://www.loc.gov/MARC21/slim http://www.loc.gov/standards/marcxml/schema/MARC21slim.xsd"
    xmlns="http://www.loc.gov/MARC21/slim">

  <leader>00945cam a22002531  4500</leader>
  <controlfield tag="001">he 67002525 </controlfield>
  <controlfield tag="003">DLC</controlfield>
  <controlfield tag="005">20260227111452.0</controlfield>
  <controlfield tag="008">880629m19031906xx            000 0 heb  </controlfield>
  <datafield tag="010" ind1=" " ind2=" ">
    <subfield code="a">he 67002525 </subfield>
  </datafield>
  <datafield tag="035" ind1=" " ind2=" ">
    <subfield code="a">(OCoLC)18151688</subfield>
  </datafield>
  <datafield tag="040" ind1=" " ind2=" ">
    <subfield code="a">DLC</subfield>
    <subfield code="c">CoDU</subfield>
    <subfield code="d">CoDU</subfield>
    <subfield code="d">OCoLC</subfield>
    <subfield code="d">DLC</subfield>
  </datafield>
  <datafield tag="042" ind1=" " ind2=" ">
    <subfield code="a">premarc</subfield>
  </datafield>
  <datafield tag="050" ind1="0" ind2="0">
    <subfield code="a">BM522.85</subfield>
    <subfield code="b">.H6 1903</subfield>
  </datafield>
  <datafield tag="100" ind1="1" ind2=" ">
    <subfield code="a">Sho&#x1E25;e&#x1E6D;, Sha&#x2BC;ul Yedidyah.</subfield>
  </datafield>
  <datafield tag="240" ind1="1" ind2="0">
    <subfield code="a">Bet Yedidyah</subfield>
  </datafield>
  <datafield tag="245" ind1="1" ind2="0">
    <subfield code="a">Sefer Bet Yedidyah ...</subfield>
    <subfield code="b">she&#x2BC;elot u-teshuvot ... &#x2BB;al arba&#x2BB;ah &#x1E25;el&#x1E33;e Shul&#x1E25;an &#x2BB;Arukh ...</subfield>
    <subfield code="c">mi-meni Sha&#x2BC;ul Yedidyah Sho&#x1E25;e&#x1E6D;.</subfield>
  </datafield>
  <datafield tag="260" ind1=" " ind2=" ">
    <subfield code="a">Pi&#x2BB;etrokov,</subfield>
    <subfield code="b">bi-defus M. Tsedeboym,</subfield>
    <subfield code="c">1903-1906.</subfield>
  </datafield>
  <datafield tag="300" ind1=" " ind2=" ">
    <subfield code="a">2 v.</subfield>
    <subfield code="c">35 cm.</subfield>
  </datafield>
  <datafield tag="500" ind1=" " ind2=" ">
    <subfield code="a">"Sefer Tif&#x2BC;eret &#x1E24;ayim &#x2BB;al ha-Shas u-pos&#x1E33;im, mi-khevod ... Avraham &#x1E24;ayim Sho&#x1E25;et." (v. 2., p. [147]-154) has special t.p.</subfield>
  </datafield>
  <datafield tag="650" ind1=" " ind2="0">
    <subfield code="a">Responsa</subfield>
    <subfield code="y">1800-1948.</subfield>
  </datafield>
  <datafield tag="630" ind1="0" ind2="0">
    <subfield code="a">Talmud</subfield>
    <subfield code="v">Commentaries.</subfield>
  </datafield>
  <datafield tag="700" ind1="1" ind2=" ">
    <subfield code="a">Sho&#x1E25;et, Abraham &#x1E24;ayyim.</subfield>
    <subfield code="t">Tif&#x2BC;eret &#x1E24;ayim.</subfield>
  </datafield>
  <datafield tag="999" ind1=" " ind2=" ">
    <subfield code="c">32814</subfield>
    <subfield code="d">32814</subfield>
  </datafield>
</record>
